Coastal Countries with the Shortest Coastlines - Statistics

General Stats
  • This quiz has been taken 53 times
  • The average score is 7 of 14
Answer Stats
Length of Coastline (km) Answer % Correct
4.1 Monaco
90%
20 Bosnia and Herzegovina
84%
46.6 Slovenia
71%
80 Gambia
67%
56 Togo
65%
37 Democratic Republic of the Congo
63%
66.5 Belgium
57%
30 Nauru
49%
26 Jordan
45%
90 Lithuania
39%
24 Tuvalu
39%
58 Iraq
27%
84 Saint Vincent and the Grenadines
27%
97 Barbados
22%
No matching quizzes found
Score Distribution
Percent of People with Each Score
Percentile by Number Answered
Your Score History
You have not taken this quiz